000 00833nam a22002537a 4500
003 DO-SdBNP
005 20180403103946.0
008 160412b dr||||| |||| 00| 0 spa d
040 _aBPMSU
_bspa
_cBPMSU
092 _a372.7
_b N964m 2do. [20--?]
100 _aMarcelo, Nidia
245 _aNueva matemática 2 :
_bsegundo curso de primaria
260 _aSanto Domingo :
_bSusaeta,
_c[20--?]
300 _a200 p. :
_bil. :
_c27 cm
650 _aMATEMÁTICAS
_xENSEÑANZA BÁSICA
650 _aMATEMÁTICAS
_xENSEÑANZA ELEMENTAL
650 _aEDUCACIÓN PRIMARIA
_zREPÚBLICA DOMINICANA
650 _aMATEMÁTICAS
_xLIBROS DE TEXTOS
650 _aMATEMÁTICAS
_xESTUDIOS Y EJERCICIOS
910 _aValidado. Control de calidad MFF
942 _2ddc
_cBK
945 _aInventariado, 2018 / BT
956 _adaysi garcia
999 _c9712
_d9712